Vincent Kompany's Anderlecht - Statistics

General Stats
  • This quiz has been taken 15 times
  • The average score is 26 of 59
Answer Stats
Rank Player Position Nationality Matches Goals Assists % Correct
2 Amir Murillo Right-Back 78 7 9
92%
42 Bart Verbruggen Goalkeeper 7 0 0
83%
1 Francis Amuzu Left Winger 86 12 9
83%
12 Lior Refaelov Attacking Midfield 44 17 4
83%
7 Majeed Ashimeru Central Midfield 49 5 2
83%
4 Yari Verschaeren Attacking Midfield 69 14 11
83%
6 Hendrik Van Crombrugge Goalkeeper 62 0 0
75%
3 Josh Cullen Central Midfield 78 1 1
75%
11 Joshua Zirkzee Centre-Forward 45 18 12
75%
23 Killian Sardella Right-Back 27 0 0
75%
9 Sergio Gómez Left Winger 47 7 15
75%
26 Adrien Trébel Central Midfield 20 3 6
67%
15 Kristoffer Olsson Central Midfield 40 0 4
67%
14 Lukas Nmecha Centre-Forward 41 21 4
67%
24 Marco Kana Defensive Midfield 24 0 1
67%
22 Timon Wellenreuther Goalkeeper 27 0 0
67%
10 Wesley Hoedt Centre-Back 46 3 0
67%
13 Benito Raman Centre-Forward 42 11 7
58%
41 Jérémy Doku Left Winger 8 1 3
58%
37 Mario Stroeykens Attacking Midfield 11 0 0
58%
18 Christian Kouamé Centre-Forward 35 13 6
50%
27 Jacob Bruun Larsen Left Winger 19 2 2
50%
20 Lisandro Magallán Centre-Back 29 1 1
50%
32 Michel Vlap Attacking Midfield 13 1 0
50%
35 Mustapha Bundu Right Winger 11 0 0
50%
16 Albert Sambi Lokonga Central Midfield 39 3 3
42%
36 Isaac Kiese Thelin Centre-Forward 11 2 0
42%
38 Kristian Arnstad Central Midfield 9 0 0
42%
34 Landry Dimata Centre-Forward 12 1 1
42%
28 Taylor Harwood-Bellis Centre-Back 18 0 2
42%
48 Alexis Saelemaekers Right Winger 4 1 2
33%
47 Antoine Colassin Centre-Forward 5 0 0
33%
8 Bogdan Mykhaylichenko Left-Back 48 0 2
33%
39 Derrick Luckassen Centre-Back 8 0 0
33%
17 Hannes Delcroix Centre-Back 36 0 0
33%
30 Kemar Lawrence Left-Back 16 1 0
33%
57 Kemar Roofe Centre-Forward 1 0 0
33%
19 Matt Miazga Centre-Back 33 1 1
33%
31 Percy Tau Right Winger 13 3 1
33%
52 Samir Nasri Attacking Midfield 2 1 0
33%
43 Zeno Debast Centre-Back 7 0 0
33%
29 Elias Cobbaut Centre-Back 17 0 0
25%
45 Nacer Chadli Left Winger 5 2 1
25%
58 Noah Sadiki Central Midfield 1 0 0
25%
21 Paul Mukairu Left Winger 29 4 3
25%
40 Peter Zulj Central Midfield 8 0 0
25%
44 Philippe Sandler Centre-Back 5 0 1
25%
46 Sieben Dewaele Defensive Midfield 5 0 0
25%
54 Vincent Kompany Centre-Back 2 0 0
25%
33 Abdoulay Diaby Right Winger 12 3 0
17%
5 Anouar Ait El Hadj Attacking Midfield 64 6 0
17%
56 Edo Kayembe Central Midfield 2 0 0
17%
55 Luka Adzic Left Winger 2 0 0
17%
25 Mo Dauda Left Winger 21 1 1
17%
49 Ognjen Vranjes Centre-Back 4 0 0
17%
51 Pieter Gerkens Attacking Midfield 3 0 0
17%
59 Julien Duranville Left Winger 1 0 0
8%
50 Lucas Lissens Centre-Back 4 0 0
8%
53 Zakaria Bakkali Left Winger 2 0 0
8%
No matching quizzes found
Score Distribution
Percent of People with Each Score
Percentile by Number Answered
Your Score History
You have not taken this quiz